[Event "Llinars del Valles op 5th"]
[Site "Llinars del Valles"]
[Date "2013.11.15"]
[Round "6"]
[White "Gultresa Boada, Isaac"]
[Black "Lobo Bruguera, Xavier"]
[Result "1-0"]
[WhiteElo "2063"]
[BlackElo "1714"]
[PlyCount "37"]
[EventDate "2013.10.04"]
[EventType "swiss"]
[EventRounds "8"]
[EventCountry "ESP"]
[SourceTitle "CBM 157 Extra"]
[Source "ChessBase"]
[SourceDate "2013.12.19"]
[SourceVersion "1"]
[SourceVersionDate "2013.12.19"]
[SourceQuality "1"]

1. e4 e6 2. d4 d5 3. Nc3 Nf6 4. e5 Nfd7 5. f4 Be7 6. Nf3 c5 7. Be3 Nc6 8. Qd2 cxd4 9. Nxd4 f6 10. Nxe6 Qa5 11. Nxd5 Qxd2+ 12. Kxd2 Kf7 13. Nec7 Rb8 14. e6+ Kg6 15. Bd3+ f5 16. Nxe7+ Nxe7 17. Bxa7 Nc6 18. exd7 Bxd7 19. Bxb8 1-0

[Event "Santa Eugenia op 8th"]
[Site "Girona"]
[Date "2013.08.??"]
[Round "6.4"]
[White "Gultresa Boada, Isaac"]
[Black "Alejo Alvarez, Miguel Angel"]
[Result "1-0"]
[WhiteElo "1777"]
[BlackElo "1714"]
[PlyCount "74"]
[EventDate "2013.08.19"]
[EventType "swiss"]
[EventRounds "9"]
[EventCountry "ESP"]
[SourceTitle "EXT 2024"]
[Source "ChessBase"]
[SourceDate "2023.10.10"]
[SourceVersion "1"]
[SourceVersionDate "2023.10.10"]
[SourceQuality "1"]

1. e4 d6 2. d4 Nf6 3. Nc3 Nbd7 4. Nf3 e5 5. dxe5 dxe5 6. Bc4 Be7 7. 0-0 0-0 8. Bg5 c6 9. Qe2 Qc7 10. Nh4 h6 11. Bd2 Nb6 12. Bb3 Bg4 13. f3 Bd7 14. Nf5 Bc5+ 15. Kh1 Bxf5 16. exf5 Nbd5 17. Ne4 Be7 18. g3 Nxe4 19. fxe4 Nf6 20. g4 Nh7 21. Qf2 Bg5 22. Bxg5 Nxg5 23. Qg2 Nh7 24. h4 Qe7 25. Qg3 Rad8 26. Rad1 Rd6 27. Rg1 g5 28. fxg6 Rxg6 29. Rdf1 Nf6 30. Qf3 Nxe4 31. Qxe4 Qxh4+ 32. Kg2 Rxg4+ 33. Qxg4+ Qxg4+ 34. Kf2 Qxg1+ 35. Rxg1+ Kh8 36. Ke3 f6 37. Ke4 Rg8 1-0

[Event "Santa Eugenia op 8th"]
[Site "Girona"]
[Date "2013.08.??"]
[Round "9.2"]
[White "Gultresa Boada, Isaac"]
[Black "Molina Carretero, Daniel"]
[Result "0-1"]
[WhiteElo "1777"]
[BlackElo "1845"]
[PlyCount "88"]
[EventDate "2013.08.19"]
[EventType "swiss"]
[EventRounds "9"]
[EventCountry "ESP"]
[SourceTitle "EXT 2024"]
[Source "ChessBase"]
[SourceDate "2023.10.10"]
[SourceVersion "1"]
[SourceVersionDate "2023.10.10"]
[SourceQuality "1"]

1. e4 c5 2. Nf3 d6 3. d4 cxd4 4. Nxd4 Nf6 5. Nc3 a6 6. Be3 e5 7. Nb3 Be6 8. f3 Be7 9. Qd2 0-0 10. 0-0-0 Nbd7 11. g4 b5 12. Rg1 Nb6 13. Qf2 Nc4 14. Bxc4 bxc4 15. Nc5 Qc7 16. N5a4 Rab8 17. h4 Rb4 18. a3 Rb7 19. h5 Nd7 20. g5 Rfb8 21. g6 fxg6 22. hxg6 h6 23. Qh2 Bf6 24. Rg3 Nc5 25. Qd2 Nxa4 26. Nxa4 d5 27. exd5 e4 28. Bd4 Qxg3 29. Bxf6 gxf6 30. dxe6 Qe5 31. Qxh6 exf3 32. Rh1 f5 33. g7 Qxg7 34. Qe3 Rxb2 35. Nxb2 Qxb2+ 36. Kd2 Rd8+ 37. Ke1 Qb1+ 38. Kf2 Qxc2+ 39. Kg3 Qg2+ 40. Kf4 Qxh1 41. Ke5 f4 42. Qxf4 Qe1+ 43. Kf5 Rf8+ 44. Kg6 Rxf4 0-1

[Event "Girona op-A 4th"]
[Site "Girona"]
[Date "2013.07.20"]
[Round "6"]
[White "Diaz Comas, Jordi"]
[Black "Gultresa Boada, Isaac"]
[Result "0-1"]
[WhiteElo "1921"]
[BlackElo "1753"]
[PlyCount "88"]
[EventDate "2013.07.15"]
[EventType "swiss"]
[EventRounds "9"]
[EventCountry "ESP"]
[SourceTitle "CBM 155 Extra"]
[Source "ChessBase"]
[SourceDate "2013.08.26"]
[SourceVersion "1"]
[SourceVersionDate "2013.08.26"]
[SourceQuality "1"]

1. e4 e6 2. d4 d5 3. e5 c5 4. c3 Nc6 5. Nf3 cxd4 6. cxd4 Bb4+ 7. Bd2 Bxd2+ 8. Qxd2 Bd7 9. Nc3 a6 10. a3 Nh6 11. Bd3 Qb6 12. Na4 Qa5 13. Nc5 Qxd2+ 14. Kxd2 Bc8 15. Rac1 Nf5 16. Nb3 Bd7 17. g4 Nfe7 18. Nc5 Bc8 19. b4 b6 20. Na4 Rb8 21. Rc3 f6 22. b5 axb5 23. Bxb5 Bd7 24. Rb1 fxe5 25. dxe5 0-0 26. Ke2 Rf4 27. Bxc6 Bxc6 28. Rxb6 Rbf8 29. Nc5 d4 30. Nxd4 Rxd4 31. Rxc6 Nxc6 32. Nxe6 Re4+ 33. Kf1 Rc8 34. Nc5 Rxg4 35. Nb7 Na7 36. Re3 Re8 37. Nd6 Re6 38. Rb3 h6 39. Rb8+ Kh7 40. Nf7 Rf4 41. Rf8 Nc6 42. h4 Nxe5 43. Rh8+ Kg6 44. Nd8 Ref6 0-1

[Event "Girona op-A 4th"]
[Site "Girona"]
[Date "2013.07.16"]
[Round "2"]
[White "Aymerich Verdaguer, Eduard"]
[Black "Gultresa Boada, Isaac"]
[Result "1-0"]
[WhiteElo "1943"]
[BlackElo "1753"]
[PlyCount "65"]
[EventDate "2013.07.15"]
[EventType "swiss"]
[EventRounds "9"]
[EventCountry "ESP"]
[SourceTitle "CBM 155 Extra"]
[Source "ChessBase"]
[SourceDate "2013.08.26"]
[SourceVersion "1"]
[SourceVersionDate "2013.08.26"]
[SourceQuality "1"]

1. Nf3 d5 2. c4 e6 3. g3 Nf6 4. Bg2 Be7 5. 0-0 0-0 6. b3 c5 7. e3 Nc6 8. Bb2 Bd7 9. d3 Qc7 10. Nc3 a6 11. cxd5 exd5 12. d4 cxd4 13. Nxd4 Bg4 14. Nxd5 Nxd5 15. Qxg4 Nf6 16. Qe2 Rfe8 17. Nxc6 bxc6 18. Rac1 Rec8 19. Rxc6 Qa5 20. Rfc1 Rd8 21. Bd4 Qa3 22. Qb2 Qxb2 23. Bxb2 Nd5 24. Bxd5 Rxd5 25. Rc8+ Rd8 26. Rxa8 Rxa8 27. Rc7 Bb4 28. Rb7 Bd6 29. Bd4 Kf8 30. Kg2 a5 31. Ra7 Rxa7 32. Bxa7 Ke7 33. Kf3 1-0

[Event "Llinars del Valles op-B 7th"]
[Site "Llinars del Valles"]
[Date "2013.05.18"]
[Round "5"]
[White "Castaneda Munoz, Antonio"]
[Black "Gultresa Boada, Isaac"]
[Result "0-1"]
[WhiteElo "1684"]
[BlackElo "1734"]
[PlyCount "122"]
[EventDate "2013.04.13"]
[EventType "swiss"]
[EventRounds "7"]
[EventCountry "ESP"]
[SourceTitle "CBM 154 Extra"]
[Source "ChessBase"]
[SourceDate "2013.06.25"]
[SourceVersion "2"]
[SourceVersionDate "2013.06.25"]
[SourceQuality "1"]

1. d4 e5 2. dxe5 Nc6 3. Nf3 Qe7 4. Nc3 Nxe5 5. e4 Nxf3+ 6. Qxf3 c6 7. Be2 d6 8. 0-0 Be6 9. b3 Nh6 10. Re1 Bg4 11. Qg3 Bxe2 12. Rxe2 0-0-0 13. Be3 b6 14. b4 Qd7 15. a4 Qg4 16. b5 d5 17. Bxh6 Qxg3 18. hxg3 gxh6 19. bxc6 dxe4 20. a5 bxa5 21. Rxa5 Bb4 22. c7 Rde8 23. Rxa7 Bxc3 24. Ra8+ Kxc7 25. Ra7+ Kd6 26. Rxf7 Kd5 27. Rd7+ Kc6 28. Ra7 Kb6 29. Rd7 Kc6 30. Ra7 Kd5 31. Rd7+ Ke5 32. Re3 Bb2 33. c4 Re6 34. Rb3 Bc1 35. Rf7 Kd4 36. Rb1 Bg5 37. Rd7+ Kxc4 38. Rc7+ Kd3 39. Rd7+ Kc4 40. Rc7+ Kd4 41. Re1 Re7 42. Rc6 Rf8 43. Rd1+ Ke5 44. Re1 Kf5 45. Rc5+ Kg6 46. Rc6+ Rf6 47. Rc5 Rd6 48. f4 Bf6 49. Kh2 Rd2 50. g4 e3 51. Kh3 e2 52. Rcc1 Re3+ 53. g3 Red3 54. Rc6 Rf3 55. Rcc1 Kf7 56. Kg2 Re3 57. Kf2 Bd4 58. Kg2 Ke6 59. Rb1 Kd5 60. Rec1 Red3 61. Re1 Rd1 0-1

[Event "Santa Eugenia op 7th"]
[Site "Santa Eugenia"]
[Date "2013.02.08"]
[Round "5"]
[White "Gultresa Boada, Isaac"]
[Black "Aymerich Verdaguer, Eduard"]
[Result "0-1"]
[WhiteElo "1711"]
[BlackElo "1880"]
[PlyCount "83"]
[EventDate "2013.01.11"]
[EventType "swiss"]
[EventRounds "9"]
[EventCountry "ESP"]
[SourceTitle "EXT 2014"]
[Source "ChessBase"]
[SourceDate "2013.11.20"]
[SourceVersion "1"]
[SourceVersionDate "2013.11.20"]
[SourceQuality "1"]

1. e4 e6 2. d4 d5 3. Nc3 Nf6 4. e5 Nfd7 5. Nce2 c5 6. c3 Nc6 7. Nf3 Be7 8. Ng3 h5 9. h4 Qa5 10. Bd2 Qb6 11. Qb3 Qc7 12. Be2 f6 13. Qc2 f5 14. Ng5 Bxg5 15. Bxh5+ Rxh5 16. Nxh5 Bxd2+ 17. Qxd2 g6 18. Nf4 Ndxe5 19. dxe5 Qxe5+ 20. Qe3 Kf7 21. 0-0-0 Qxe3+ 22. fxe3 Bd7 23. h5 g5 24. Ne2 Ne5 25. h6 Bb5 26. h7 Rh8 27. Rd2 Nc4 28. Nd4 cxd4 29. Rxd4 Nxe3 30. a4 Bc6 31. b3 e5 32. Rd2 f4 33. c4 dxc4 34. Rd6 Nf5 35. Rd2 cxb3 36. Kb2 e4 37. Kxb3 e3 38. Rdd1 Bxg2 39. Rhg1 e2 40. Rc1 f3 41. Rc7+ Ke6 42. Rc8 0-1

[Event "Santa Eugenia op 7th"]
[Site "Santa Eugenia"]
[Date "2013.02.01"]
[Round "4"]
[White "Gultresa Boada, Isaac"]
[Black "Alarcon Pages, Salvador"]
[Result "1-0"]
[WhiteElo "1711"]
[BlackElo "1719"]
[PlyCount "87"]
[EventDate "2013.01.11"]
[EventType "swiss"]
[EventRounds "9"]
[EventCountry "ESP"]
[SourceTitle "EXT 2014"]
[Source "ChessBase"]
[SourceDate "2013.11.20"]
[SourceVersion "1"]
[SourceVersionDate "2013.11.20"]
[SourceQuality "1"]

1. d4 d5 2. c4 e6 3. Nf3 Nf6 4. Nc3 Be7 5. Bg5 h6 6. Bh4 g5 7. Bg3 Bd6 8. e3 c6 9. Bd3 dxc4 10. Bxc4 Nd5 11. Bxd6 Qxd6 12. e4 Nf4 13. g3 Ng6 14. e5 Qe7 15. Qb3 Nd7 16. Ne4 b5 17. Nd6+ Kf8 18. Bd3 f5 19. g4 fxg4 20. Bxg6 gxf3 21. Qxf3+ Kg7 22. Qh5 Rf8 23. Be8 Rxe8 24. Qxe8 Qxe8 25. Nxe8+ Kg6 26. Nc7 Rb8 27. Nxe6 Nxe5 28. Nf8+ Kg7 29. dxe5 Kxf8 30. Rd1 Be6 31. b3 Bd5 32. Rf1 Re8 33. f4 gxf4 34. Rxf4+ Kg7 35. Rd2 Rxe5+ 36. Re2 Rg5 37. Re7+ Kg6 38. Rxa7 Rg1+ 39. Rf1 Rg2 40. Rf2 Rg1+ 41. Kd2 Rh1 42. Kc3 c5 43. Rc7 c4 44. b4 1-0

[Event "Palafrugell Gelpi Memorial 27th"]
[Site "Palafrugell"]
[Date "2012.10.20"]
[Round "5"]
[White "Gultresa Boada, Isaac"]
[Black "Rovira Ruiz, Enric"]
[Result "1-0"]
[WhiteElo "1660"]
[BlackElo "1752"]
[PlyCount "47"]
[EventDate "2012.09.22"]
[EventType "swiss"]
[EventRounds "9"]
[EventCountry "ESP"]
[SourceTitle "EXT 2014"]
[Source "ChessBase"]
[SourceDate "2013.11.20"]
[SourceVersion "1"]
[SourceVersionDate "2013.11.20"]
[SourceQuality "1"]

1. e4 e5 2. Nf3 Nc6 3. d4 exd4 4. Bc4 Nf6 5. e5 d5 6. Bb5 Ne4 7. Nxd4 Bd7 8. Nxc6 bxc6 9. Bd3 Nc5 10. Be2 Bf5 11. 0-0 Be7 12. Nd2 0-0 13. g4 Bg6 14. f4 h6 15. f5 Bh7 16. Nf3 Ne4 17. Nd4 Bc5 18. c3 Qe7 19. Bf4 Rad8 20. Kg2 Bxd4 21. cxd4 c5 22. f6 gxf6 23. Bxh6 fxe5 24. Bxf8 1-0

[Event "Llinars del Valles op-B 6th"]
[Site "Llinars del Valles"]
[Date "2012.05.12"]
[Round "5"]
[White "Torregrosa Gonzalez, Iris"]
[Black "Gultresa Boada, Isaac"]
[Result "0-1"]
[WhiteElo "1371"]
[BlackElo "1612"]
[PlyCount "88"]
[EventDate "2012.04.14"]
[EventType "swiss"]
[EventRounds "9"]
[EventCountry "ESP"]
[SourceTitle "EXT 2013"]
[Source "ChessBase"]
[SourceDate "2012.11.22"]
[SourceVersion "1"]
[SourceVersionDate "2012.11.22"]
[SourceQuality "1"]

1. e4 c6 2. d4 d5 3. Nc3 dxe4 4. Nxe4 Bf5 5. Ng3 Bg6 6. Nf3 Nf6 7. Bf4 e6 8. Bd3 Bxd3 9. Qxd3 Nbd7 10. 0-0 Be7 11. c4 0-0 12. Rad1 Qb6 13. Rd2 a5 14. Rfd1 Qa6 15. a4 Rad8 16. Re2 Rfe8 17. b3 Bb4 18. Ng5 Nc5 19. Qc2 Ncd7 20. N3e4 Nxe4 21. Qxe4 Nf6 22. Qf3 h6 23. Ne4 Be7 24. Nxf6+ Bxf6 25. Qc3 Re7 26. Rd3 Red7 27. Be5 Be7 28. c5 Bxc5 29. d5 Bb4 30. Qc4 Qxc4 31. bxc4 exd5 32. cxd5 Rxd5 33. Rxd5 Rxd5 34. g3 Rd2 35. Re4 Ra2 36. Bc7 Rxa4 37. Re8+ Kh7 38. Be5 f6 39. Bd4 Ra2 40. Kf1 Kg6 41. Rb8 b5 42. Rc8 Rc2 43. Rb8 Bc5 44. Ba1 Rc1+ 0-1